000 00989nac a22002891i 4500
003 EG-ScBUE
005 20221220110312.0
008 221220s1987 enka f b 001 0 eng d
020 _a0851390188
040 _aEG-ScBUE
_beng
_erda
_cEG-ScBUE
_dEG-ScBUE
082 0 4 _a729.29
_bTEM
_222
100 1 _aTempleton, Duncan,
_eauthor.
245 1 0 _aAcoustic design /
_cDuncan Templeton and David Saunders.
264 1 _aLondon :
_bArchitectural Press,
_c1987.
300 _a152 pages :
_billustrations ;
_c24 cm.
336 _2rdacontent
_atext
_btxt
337 _2rdamedia
_aunmediated
_bn
338 _2rdacarrier
_avolume
_bnc
490 0 _aArchitectural press library of design and detailing
504 _aIncludes bibliographical references and index.
650 7 _aAcoustical engineering.
_2BUEsh
650 7 _aArchitectural acoustics.
_2BUEsh
653 _bENGARC
655 _vReading book
700 1 _aSaunders, David,
_d 1941-
_eauthor.
942 _cBB
_k729.29 TEM
_2ddc
999 _c6620
_d6620